00741nam a22001817a 4500008004100000020001800041050002000059082001800079100004000097245008400137250001700221260003400238300003300272504006700305505014300372650002600515650001800541160404s2013 mx ||||| |||| 001 0 spa d a9789586828765 4aHD60bS554 2013 a658.401bS37e1 aSilva Duarte, Jorge Enriquee autor10aEmprendedorb: hacia un emprendimiento sosteniblec/ Jorge Enrique Silva Duarte a2a edición3 aMéxicob: Alfaomegac, 2013 a235 páginasbilustraciones aIncluye Bibliografía, Páginas WEB e Índice (pp. 231-235)1 aForjadores de empresa ¿Qué organización crear? Fundamentos claves de gestión para nuevos emprendedores El plan y modelo de negocio 14aCAPACIDAD EMPRESARIAL 0aEMPRENDEDORES